000 00643nam a2200253Ia 4500
003 OSt
005 20221005131613.0
006 a|||||r|||| 00| 0
007 ta
008 221004b |||||||| |||| 00| 0 eng d
024 _a43991
037 _cTextual
040 _aCRL
_cCRL
_beng
041 _2eng
_aeng
082 _aO15:3E55x, 111J9;1
100 _aBhojadeva
245 0 _aSrngara manjari katha
260 _c1959
490 _aSinghi Jain series; 30
650 _a ENGLISH LITERATURE
650 _aSANSKRIT LITERATURE
942 _hO15:3E55x, 111J9;1
_cTEXL
_2cc
999 _c1060873
_d1060873